[Event "29. Torneo San Viator 2017 - Torneo B"]
[Site "Madrid ESP"]
[Date "2017.10.29"]
[Round "6.21"]
[White "Periotto Miori, Lautaro"]
[Black "Garcia Martin, Javier"]
[Result "1-0"]
[WhiteElo "1492"]
[BlackElo "1532"]
[PlyCount "95"]
[EventDate "2017.09.17"]
[EventType "swiss"]
[EventRounds "9"]
[EventCountry "ESP"]
[SourceTitle "Ajedrez en Madrid"]
[Source "lmi"]
[SourceDate "2017.09.17"]

1. e4 e6 2. d4 d5 3. e5 c5 4. c3 Nc6 5. Nf3 Qb6 6. a3 c4 7. Be2 Na5 8. Nbd2 Bd7
9. O-O Ne7 10. Nh4 O-O-O 11. Nhf3 h6 12. Rb1 Qc7 13. Qc2 f6 14. b4 cxb3 15.
Nxb3 Ba4 16. Nfd2 fxe5 17. Bg4 Bd7 18. Nxa5 Qxa5 19. c4 Qc7 20. dxe5 dxc4 21.
Nxc4 Nc6 22. Qb2 Bc5 23. Nd6+ Bxd6 24. exd6 Qb8 25. Be3 b6 26. Be2 Rdg8 27.
Rfd1 e5 28. Rbc1 Kd8 29. Bb5 Qb7 30. Bxc6 Bxc6 31. Qc3 Kd7 32. Qxe5 Kd8 33. Qc3
Kd7 34. f3 Rh7 35. Qc4 Rf8 36. Qg4+ Kd8 37. Qg6 Rhh8 38. Bf2 Rf6 39. Bh4 Kc8
40. Bxf6 gxf6 41. d7+ Kb8 42. d8=Q+ Rxd8 43. Rxd8+ Kc7 44. Qxf6 b5 45. Qd6+ Kb6
46. Rb8 Qxb8 47. Qxb8+ Ka5 48. Qxa7# 1-0

[Event "29. Torneo San Viator 2017 - Torneo B"]
[Site "Madrid ESP"]
[Date "2017.10.29"]
[Round "6.22"]
[White "Manso Santamaria, Juan Carlos"]
[Black "Baranco Gonzalez, Nicolas"]
[Result "1-0"]
[WhiteElo "1703"]
[BlackElo "1455"]
[PlyCount "89"]
[EventDate "2017.09.17"]
[EventType "swiss"]
[EventRounds "9"]
[EventCountry "ESP"]
[SourceTitle "Ajedrez en Madrid"]
[Source "lmi"]
[SourceDate "2017.09.17"]

1. e4 e5 2. Bc4 Bc5 3. d4 Bxd4 4. Nf3 Nc6 5. O-O Nf6 6. Nxd4 Nxd4 7. f4 Nc6 8.
Nc3 O-O 9. Be3 d6 10. Qe1 Ng4 11. Bd2 Nd4 12. Bd3 b6 13. h3 Nf6 14. fxe5 dxe5
15. Bg5 Ne6 16. Bxf6 gxf6 17. Nd5 f5 18. Rxf5 Ng7 19. Nf6+ Kh8 20. Rf3 Qd4+ 21.
Kh2 Rd8 22. Qh4 h5 23. Nxh5 Nxh5 24. Qxh5+ Kg8 25. Qxf7+ Kh8 26. Qh5+ Kg8 27.
Rg3+ Kf8 28. Rf1+ Ke7 29. Qh4+ Kd7 30. Bb5+ c6 31. Rd3 Qxd3 32. Bxc6+ Kxc6 33.
cxd3 Bd7 34. Qf6+ Kb7 35. Qxe5 Rac8 36. Rf7 Rc7 37. d4 a5 38. d5 Kc8 39. Qd4
Rc5 40. b4 axb4 41. Qxb4 Rb5 42. Qd4 Rc5 43. a4 Be6 44. Ra7 Bxh3 45. Ra8+ 1-0

[Event "29. Torneo San Viator 2017 - Torneo B"]
[Site "Madrid ESP"]
[Date "2017.10.29"]
[Round "6.23"]
[White "Lopez Martin, Israel"]
[Black "Arce Escobedo, Julio"]
[Result "0-1"]
[WhiteElo "1444"]
[BlackElo "1671"]
[PlyCount "118"]
[EventDate "2017.09.17"]
[EventType "swiss"]
[EventRounds "9"]
[EventCountry "ESP"]
[SourceTitle "Ajedrez en Madrid"]
[Source "lmi"]
[SourceDate "2017.09.17"]

1. e4 c5 2. Nc3 d6 3. f4 Nc6 4. Nf3 g6 5. Bb5 Bg7 6. O-O Bd7 7. Bxc6 Bxc6 8. d3
Nf6 9. Kh1 O-O 10. Qe1 b5 11. f5 b4 12. Ne2 a5 13. Qh4 e6 14. Bh6 exf5 15. Bxg7
Kxg7 16. exf5 Nd5 17. Qh3 Ne3 18. Rf2 Nxf5 19. g4 Ne3 20. g5 Qxg5 21. Rg1 Qh6
22. Qg3 Nf5 23. Qg4 Nh4 24. Ng3 Kh8 25. Ne4 Nxf3 26. Qxf3 f5 27. Qg3 Rfd8 28.
h4 fxe4 29. dxe4 Bxe4+ 30. Kh2 Qg7 31. h5 Qe5 32. hxg6 Qxg3+ 33. Rxg3 Bxg6 34.
Rfg2 Kg7 35. Kh3 d5 36. Rg5 Rac8 37. Re5 Kf6 38. Re3 Re8 39. Rf2+ Kg7 40. Rg3
Re5 41. Kg4 Rce8 42. c3 Re4+ 43. Kf3 Re3+ 44. Kg2 Rxg3+ 45. Kxg3 bxc3 46. bxc3
d4 47. cxd4 cxd4 48. Rd2 d3 49. Kf2 h5 50. Kf1 Re5 51. Rg2 Kf6 52. Rh2 Ke6 53.
Rd2 Kd5 54. Kf2 Re2+ 55. Rxe2 dxe2 56. Kxe2 Bb1 57. a3 Kc4 58. Kf3 Bc2 59. Kg3
Kb3 0-1

[Event "29. Torneo San Viator 2017 - Torneo B"]
[Site "Madrid ESP"]
[Date "2017.10.29"]
[Round "6.24"]
[White "Benitez Cadenas, Luis Miguel"]
[Black "Jarne Anguita, Miguel"]
[Result "1-0"]
[WhiteElo "1584"]
[BlackElo "1436"]
[PlyCount "75"]
[EventDate "2017.09.17"]
[EventType "swiss"]
[EventRounds "9"]
[EventCountry "ESP"]
[SourceTitle "Ajedrez en Madrid"]
[Source "lmi"]
[SourceDate "2017.09.17"]

1. d4 d5 2. c4 e6 3. Nc3 Nf6 4. cxd5 exd5 5. Bg5 Be7 6. e3 O-O 7. Bd3 Nc6 8. a3
Bg4 9. Qc2 h6 10. Bh4 Re8 11. h3 Bd7 12. Nf3 Nh5 13. Bxe7 Qxe7 14. Nxd5 Qd6 15.
Qc5 Qxc5 16. dxc5 Rac8 17. O-O Red8 18. Bc4 Be6 19. Rfd1 Rd7 20. g4 Rcd8 21.
Ne7+ Nxe7 22. Rxd7 Rxd7 23. Bxe6 fxe6 24. gxh5 Rd5 25. Rc1 Rxh5 26. Nd4 Kf7 27.
Nb5 c6 28. Nd6+ Kf6 29. Nxb7 Rxh3 30. b4 Rh5 31. Nd6 Rd5 32. b5 cxb5 33. Nxb5
Nc6 34. Nc7 Rd3 35. Nb5 a6 36. Nc3 g5 37. Kf1 Rd2 38. Ne4+ 1-0

[Event "29. Torneo San Viator 2017 - Torneo B"]
[Site "Madrid ESP"]
[Date "2017.10.29"]
[Round "6.25"]
[White "Cortijo Manso, Luis"]
[Black "Calvo Gonzalez, Jose Felix"]
[Result "1-0"]
[WhiteElo "1555"]
[BlackElo "1385"]
[PlyCount "89"]
[EventDate "2017.09.17"]
[EventType "swiss"]
[EventRounds "9"]
[EventCountry "ESP"]
[SourceTitle "Ajedrez en Madrid"]
[Source "lmi"]
[SourceDate "2017.09.17"]

1. Nf3 c5 2. c4 g6 3. g3 Bg7 4. Bg2 Nc6 5. Nc3 Nf6 6. O-O O-O 7. d4 cxd4 8.
Nxd4 Nxd4 9. Qxd4 d6 10. Qd1 Qc7 11. Qb3 Rb8 12. Nb5 Qa5 13. Be3 a6 14. Nd4 Qc7
15. Rac1 Bd7 16. Nf3 Bc6 17. c5 dxc5 18. Bf4 Qc8 19. Bxb8 Qxb8 20. Rxc5 Nd7 21.
Rcc1 Rd8 22. Ng5 e6 23. Bxc6 bxc6 24. Rxc6 Qxb3 25. axb3 Rb8 26. Rxa6 Rxb3 27.
Ra8+ Nf8 28. Ra7 f6 29. Ne4 Rxb2 30. e3 Rc2 31. Nd6 Rd2 32. Ne8 Rd7 33. Rxd7
Nxd7 34. Nxg7 Kxg7 35. Ra1 Kf7 36. Kg2 f5 37. Ra7 Ke7 38. h4 Kd6 39. Ra8 Nf6
40. Kf3 h5 41. Ra7 Nd7 42. e4 fxe4+ 43. Kxe4 Nf6+ 44. Ke3 Nd7 45. Kd4 1-0

[Event "29. Torneo San Viator 2017 - Torneo B"]
[Site "Madrid ESP"]
[Date "2017.10.29"]
[Round "6.26"]
[White "Serrano Ruiz, Lope"]
[Black "Ramirez Ocana, Eneas"]
[Result "1-0"]
[WhiteElo "1521"]
[BlackElo "1385"]
[PlyCount "41"]
[EventDate "2017.09.17"]
[EventType "swiss"]
[EventRounds "9"]
[EventCountry "ESP"]
[SourceTitle "Ajedrez en Madrid"]
[Source "lmi"]
[SourceDate "2017.09.17"]

1. e4 c6 2. Nc3 d5 3. Nf3 Bg4 4. h3 Bxf3 5. Qxf3 e6 6. e5 a6 7. d4 c5 8. Be3
Qb6 9. O-O-O c4 10. Bxc4 dxc4 11. d5 Qc7 12. dxe6 fxe6 13. Na4 Nd7 14. Rxd7
Qxd7 15. Nb6 Qd8 16. Rd1 Qb8 17. Rd7 Ne7 18. Rxb7 Qd8 19. Nxa8 Qa5 20. Rb8+ Kd7
21. Qb7+ 1-0

[Event "29. Torneo San Viator 2017 - Torneo B"]
[Site "Madrid ESP"]
[Date "2017.10.29"]
[Round "6.27"]
[White "Fernandez Rodriguez, Alberto"]
[Black "Garcia Prada, Guillermo"]
[Result "1-0"]
[WhiteElo "1520"]
[BlackElo "1375"]
[PlyCount "107"]
[EventDate "2017.09.17"]
[EventType "swiss"]
[EventRounds "9"]
[EventCountry "ESP"]
[SourceTitle "Ajedrez en Madrid"]
[Source "lmi"]
[SourceDate "2017.09.17"]

1. d4 d5 2. e3 Nf6 3. f4 Bf5 4. Nf3 e6 5. a3 Nbd7 6. c4 Ne4 7. Qb3 dxc4 8. Bxc4
Nb6 9. Bd3 Qd5 10. Qc2 Bg6 11. O-O Bd6 12. Nc3 Nxc3 13. Qxc3 O-O-O 14. Bxg6
hxg6 15. Bd2 f6 16. Rac1 Rh7 17. Qc2 Qh5 18. Bb4 Na8 19. Bxd6 Rxd6 20. Qc5 Qxc5
21. Rxc5 Kd7 22. Rfc1 Rb6 23. b4 Kd6 24. Nd2 Ra6 25. h3 Rh5 26. Ne4+ Kd7 27.
Rxh5 gxh5 28. Nc5+ Kd6 29. Nxa6 bxa6 30. Kf2 Nb6 31. e4 g6 32. g4 h4 33. e5+
fxe5 34. dxe5+ Kd7 35. g5 Nd5 36. Kf3 Ne7 37. Rc5 Kc8 38. Kg4 Nf5 39. Rc6 Nd4
40. Rxa6 Kb7 41. Ra5 a6 42. Kxh4 Nb3 43. Ra4 Kb6 44. b5 axb5 45. Rb4 Nc5 46.
Kg4 Nd3 47. Rb3 Nc5 48. Rb1 Ne4 49. h4 c5 50. h5 gxh5+ 51. Kxh5 c4 52. g6 Ng3+
53. Kg5 Nf5 54. Kf6 1-0

[Event "29. Torneo San Viator 2017 - Torneo B"]
[Site "Madrid ESP"]
[Date "2017.10.29"]
[Round "6.28"]
[White "Palomares Cortez, Facundo Sebastian"]
[Black "Tenorio Garcia, Joel"]
[Result "0-1"]
[WhiteElo "1360"]
[BlackElo "1515"]
[PlyCount "36"]
[EventDate "2017.09.17"]
[EventType "swiss"]
[EventRounds "9"]
[EventCountry "ESP"]
[SourceTitle "Ajedrez en Madrid"]
[Source "lmi"]
[SourceDate "2017.09.17"]

1. e4 e5 2. Nf3 Nc6 3. d4 exd4 4. Nxd4 Bc5 5. c3 Nf6 6. f3 O-O 7. Bc4 d5 8.
exd5 Re8+ 9. Kf2 Nxd5 10. Bxd5 Qxd5 11. Be3 Rxe3 12. Kxe3 Qe5+ 13. Kf2 Nxd4 14.
Re1 Nc2+ 15. Kf1 Nxe1 16. Qd8+ Bf8 17. Na3 Nxg2 18. Kxg2 Bh3+ 0-1

[Event "29. Torneo San Viator 2017 - Torneo B"]
[Site "Madrid ESP"]
[Date "2017.10.29"]
[Round "6.29"]
[White "Soria Martinez, Daniel"]
[Black "Garcia Prada, Alejandro"]
[Result "0-1"]
[WhiteElo "1283"]
[BlackElo "1505"]
[PlyCount "70"]
[EventDate "2017.09.17"]
[EventType "swiss"]
[EventRounds "9"]
[EventCountry "ESP"]
[SourceTitle "Ajedrez en Madrid"]
[Source "lmi"]
[SourceDate "2017.09.17"]

1. e4 c5 2. Nc3 Nc6 3. g3 g6 4. Bg2 Bg7 5. Nge2 Nf6 6. d3 d6 7. O-O O-O 8. Be3
Bg4 9. Qd2 Qd7 10. Nf4 Ne5 11. f3 Be6 12. Nxe6 fxe6 13. Rad1 Nc6 14. Bh3 Ne8
15. Nd5 Rc8 16. c3 Ne5 17. Kg2 Nc7 18. Nf4 Rf6 19. d4 Nc4 20. Qc1 Nxe3+ 21.
Qxe3 cxd4 22. cxd4 Bh6 23. e5 Rxf4 24. gxf4 Nd5 25. Qb3 Nxf4+ 26. Kg3 Nxh3 27.
Kxh3 d5 28. Rd3 Rc4 29. Rf2 b5 30. Rc2 Qc6 31. Rdc3 a5 32. Rxc4 dxc4 33. Qa3 b4
34. Qxa5 Qxf3+ 35. Kh4 g5# 0-1

[Event "29. Torneo San Viator 2017 - Torneo B"]
[Site "Madrid ESP"]
[Date "2017.10.29"]
[Round "6.31"]
[White "Campos Calderon, David"]
[Black "Murillo Paz, Pedro"]
[Result "1-0"]
[WhiteElo "1242"]
[BlackElo "1471"]
[PlyCount "119"]
[EventDate "2017.09.17"]
[EventType "swiss"]
[EventRounds "9"]
[EventCountry "ESP"]
[SourceTitle "Ajedrez en Madrid"]
[Source "lmi"]
[SourceDate "2017.09.17"]

1. d4 d5 2. c4 e6 3. Nc3 Nf6 4. Nf3 Nc6 5. Bg5 Be7 6. e3 O-O 7. Qc2 Ne4 8. Bxe7
Nxe7 9. Nxe4 dxe4 10. Qxe4 Ng6 11. Be2 f5 12. Qc2 b6 13. c5 bxc5 14. Qxc5 Bb7
15. Rc1 Bxf3 16. Bxf3 Rb8 17. b3 Qf6 18. Qxa7 e5 19. Bd5+ Kh8 20. Rxc7 exd4 21.
Qxd4 Qxd4 22. exd4 Rfe8+ 23. Kd2 Nf4 24. Bf3 Rbd8 25. Rc4 g5 26. h3 Re7 27. Re1
Rxe1 28. Kxe1 Re8+ 29. Kd2 h5 30. d5 Rd8 31. Rd4 Kg7 32. a4 Kf6 33. d6 Ke5 34.
Ke3 g4 35. hxg4 hxg4 36. Rxf4 gxf3 37. Kxf3 Rxd6 38. a5 Rd3+ 39. Ke2 Rxb3 40.
Ra4 Rb2+ 41. Ke3 f4+ 42. Kf3 Rb3+ 43. Ke2 Kf5 44. a6 Rb8 45. a7 Ra8 46. Kf3 Ke5
47. g4 fxg3 48. fxg3 Rf8+ 49. Ke3 Ra8 50. g4 Kf6 51. Kf4 Kg6 52. Ra5 Rf8+ 53.
Ke5 Ra8 54. Kd6 Kf6 55. Kc7 Ke6 56. Kb7 Rh8 57. a8=Q Rh7+ 58. Kb6 Rh2 59. Qc6+
Kf7 60. Ra7+ 1-0

[Event "29. Torneo San Viator 2017 - Torneo B"]
[Site "Madrid ESP"]
[Date "2017.10.29"]
[Round "6.33"]
[White "Franco Rincon, David"]
[Black "Cuadrado Carmona, Javier"]
[Result "1-0"]
[WhiteElo "1686"]
[BlackElo "1195"]
[PlyCount "83"]
[EventDate "2017.09.17"]
[EventType "swiss"]
[EventRounds "9"]
[EventCountry "ESP"]
[SourceTitle "Ajedrez en Madrid"]
[Source "lmi"]
[SourceDate "2017.09.17"]

1. e4 e5 2. Nf3 Nc6 3. Bc4 Bc5 4. c3 Nf6 5. d3 d6 6. h3 O-O 7. O-O h6 8. Nbd2
Re8 9. Re1 Be6 10. b4 Bb6 11. a4 a5 12. b5 Ne7 13. Qb3 Bxc4 14. Nxc4 Ba7 15.
Bb2 Ng6 16. g3 Qd7 17. Kg2 Re7 18. Re2 Rae8 19. Nxa5 c6 20. Nc4 d5 21. Ncd2 Kh8
22. Rae1 c5 23. Qc2 d4 24. cxd4 cxd4 25. Rc1 Bb6 26. Nc4 Nh5 27. Nxb6 Nhf4+ 28.
Kf1 Qxh3+ 29. Ke1 Qh1+ 30. Ng1 Qxg1+ 31. Kd2 Nxe2 32. Rxg1 Nxg1 33. Nd5 Rd7 34.
Qd1 Nh3 35. Qg4 Rxd5 36. exd5 Ng5 37. f4 exf4 38. gxf4 Nh7 39. Bxd4 Rd8 40. f5
Rxd5 41. fxg6 fxg6 42. Qc8+ 1-0

[Event "29. Torneo San Viator 2017 - Torneo B"]
[Site "Madrid ESP"]
[Date "2017.10.29"]
[Round "6.34"]
[White "Torrecillas Adan, Luis"]
[Black "Alvarez Garcia, Jose Javier"]
[Result "1-0"]
[WhiteElo "1466"]
[BlackElo "1230"]
[PlyCount "51"]
[EventDate "2017.09.17"]
[EventType "swiss"]
[EventRounds "9"]
[EventCountry "ESP"]
[SourceTitle "Ajedrez en Madrid"]
[Source "lmi"]
[SourceDate "2017.09.17"]

1. e4 e5 2. Nf3 Nc6 3. Bb5 d6 4. O-O Nf6 5. d3 Be7 6. h3 O-O 7. Nc3 d5 8. Bxc6
bxc6 9. Nxe5 Bb7 10. Re1 Bb4 11. a3 Ba5 12. b4 Bb6 13. Na4 Bd4 14. Bb2 Bxb2 15.
Nxb2 Re8 16. Ng4 dxe4 17. Nxf6+ Qxf6 18. d4 Qg6 19. Nc4 Rad8 20. Ne3 Bc8 21. g4
f5 22. f3 exf3 23. Qxf3 Rxd4 24. Nxf5 Rxe1+ 25. Rxe1 Rd5 26. Ne7+ 1-0

[Event "29. Torneo San Viator 2017 - Torneo B"]
[Site "Madrid ESP"]
[Date "2017.10.29"]
[Round "6.35"]
[White "Teran Gonzalez, Adrian"]
[Black "Garcia Hernandez, Armando"]
[Result "1-0"]
[WhiteElo "1211"]
[BlackElo "1411"]
[PlyCount "115"]
[EventDate "2017.09.17"]
[EventType "swiss"]
[EventRounds "9"]
[EventCountry "ESP"]
[SourceTitle "Ajedrez en Madrid"]
[Source "lmi"]
[SourceDate "2017.09.17"]

1. d4 d5 2. c4 c6 3. Nc3 e6 4. Nf3 h6 5. e4 dxe4 6. Nxe4 Nf6 7. Bd3 Nxe4 8.
Bxe4 Qa5+ 9. Bd2 Bb4 10. O-O Nd7 11. Re1 Bxd2 12. Nxd2 Qb6 13. d5 O-O 14. Qh5
Nf6 15. Qh4 Nxe4 16. Rxe4 exd5 17. cxd5 cxd5 18. Rb4 Qd8 19. Qf4 Re8 20. Rd1
Qe7 21. h3 Be6 22. Re1 Qg5 23. Qxg5 hxg5 24. Rxb7 Reb8 25. Rc7 Rxb2 26. Nf3
Rab8 27. Nxg5 Re8 28. Rc6 Bd7 29. Rxe8+ Bxe8 30. Rd6 Rb8 31. Rxd5 Rb5 32. Rd8
Kf8 33. Ne4 Ke7 34. Rxe8+ Kxe8 35. Nd6+ Kd7 36. Nxb5 a6 37. Nc3 Kc6 38. Kf1 Kc5
39. Ke2 Kb4 40. Kd3 f5 41. f4 a5 42. g4 fxg4 43. hxg4 Kc5 44. a3 g6 45. f5 gxf5
46. gxf5 Kd6 47. Ke4 Kc5 48. f6 Kc4 49. Nb1 Kb3 50. f7 Kb2 51. f8=Q Kxb1 52.
Kd3 Kb2 53. Qf2+ Kxa3 54. Kc4 a4 55. Qe1 Ka2 56. Kc3 a3 57. Qe7 Kb1 58. Kb3 1-0

[Event "29. Torneo San Viator 2017 - Torneo B"]
[Site "Madrid ESP"]
[Date "2017.10.29"]
[Round "6.36"]
[White "Jimenez Perez, Federico"]
[Black "Crespo Gomez, Ruben"]
[Result "1/2-1/2"]
[WhiteElo "1381"]
[BlackElo "1204"]
[PlyCount "98"]
[EventDate "2017.09.17"]
[EventType "swiss"]
[EventRounds "9"]
[EventCountry "ESP"]
[SourceTitle "Ajedrez en Madrid"]
[Source "lmi"]
[SourceDate "2017.09.17"]

1. e4 e6 2. d4 d5 3. e5 c5 4. c3 Qb6 5. Nf3 Nc6 6. Bd3 Bd7 7. Bc2 Nh6 8. b3 Nf5
9. O-O cxd4 10. cxd4 Ncxd4 11. Bxf5 Nxf5 12. Ng5 Be7 13. Qg4 Bb5 14. Re1 Bc5
15. Nh3 Bd4 16. Be3 Qa5 17. Bd2 Qc7 18. Bc3 Bxc3 19. Nxc3 Qxc3 20. Rac1 Qd4 21.
Qh5 Qh4 22. Qf3 Qxh3 23. Qxh3 O-O 24. b4 Ba6 25. Rc3 b6 26. g4 Ne7 27. f4 d4
28. Rg3 Rfd8 29. f5 d3 30. Rd1 d2 31. Kf2 Rac8 32. Rc3 Nc6 33. fxe6 fxe6 34. g5
Rf8+ 35. Rf3 Rxf3+ 36. Kxf3 Nd4+ 37. Ke4 Nf5 38. Rxd2 Bb7+ 39. Kf4 Bd5 40. Rxd5
exd5 41. Qxf5 Rf8 42. Qxf8+ Kxf8 43. e6 d4 44. Ke4 Ke7 45. Kxd4 Kxe6 46. Ke4 h5
47. gxh6 gxh6 48. h4 h5 49. Kf4 Kf6 1/2-1/2

[Event "29. Torneo San Viator 2017 - Torneo B"]
[Site "Madrid ESP"]
[Date "2017.10.29"]
[Round "6.37"]
[White "Lavado Pena, David"]
[Black "Giron Herranz, Juan"]
[Result "1/2-1/2"]
[WhiteElo "1153"]
[BlackElo "1366"]
[PlyCount "82"]
[EventDate "2017.09.17"]
[EventType "swiss"]
[EventRounds "9"]
[EventCountry "ESP"]
[SourceTitle "Ajedrez en Madrid"]
[Source "lmi"]
[SourceDate "2017.09.17"]

1. c4 Nf6 2. Nc3 d6 3. g3 g6 4. Bg2 Bg7 5. e3 O-O 6. Nge2 c6 7. d4 Re8 8. O-O
Nbd7 9. b3 Rb8 10. Ba3 c5 11. Bc1 b6 12. Nb5 a6 13. Na7 Bb7 14. Nc6 Bxc6 15.
Bxc6 Qc7 16. Bg2 e6 17. Rb1 Red8 18. h3 d5 19. Nf4 dxc4 20. bxc4 b5 21. cxb5
Rxb5 22. Rxb5 axb5 23. dxc5 Nxc5 24. Qc2 Qd6 25. Ba3 Nfd7 26. Rd1 Qc7 27. Nd3
Rc8 28. Rc1 Bf8 29. Qc3 f6 30. Nxc5 Bxc5 31. Bxc5 Qxc5 32. Qxc5 Rxc5 33. Rxc5
Nxc5 34. Bc6 b4 35. Kf1 Kf7 36. Ke2 Ke7 37. e4 Kd6 38. Ba8 e5 39. Ke3 Ke7 40.
f4 h6 41. Bd5 Kd6 1/2-1/2

[Event "29. Torneo San Viator 2017 - Torneo B"]
[Site "Madrid ESP"]
[Date "2017.10.29"]
[Round "6.38"]
[White "Pastor Diaz, David"]
[Black "Perez Ramos, Miguel Angel"]
[Result "1-0"]
[WhiteElo "1323"]
[BlackElo "1163"]
[PlyCount "89"]
[EventDate "2017.09.17"]
[EventType "swiss"]
[EventRounds "9"]
[EventCountry "ESP"]
[SourceTitle "Ajedrez en Madrid"]
[Source "lmi"]
[SourceDate "2017.09.17"]

1. d4 d5 2. c4 Nf6 3. Nc3 e6 4. Nf3 Bd7 5. Bg5 Be7 6. e3 a6 7. Bxf6 Bxf6 8.
cxd5 Qe7 9. dxe6 fxe6 10. Bd3 Bc6 11. Qc2 g6 12. Be2 Nd7 13. O-O O-O-O 14. a3
Nb6 15. Rfd1 Qe8 16. Rac1 Rf8 17. Ne4 Rd5 18. Bxa6 Kb8 19. Be2 Ra5 20. b4 Rd5
21. b5 e5 22. bxc6 bxc6 23. Qxc6 Qxc6 24. Rxc6 Bd8 25. Nxe5 Kb7 26. Rc5 Be7 27.
Rxd5 Nxd5 28. Nc5+ Bxc5 29. dxc5 Nc3 30. Rd2 Ne4 31. c6+ Kc8 32. Ba6+ Kb8 33.
Nd7+ Ka7 34. Nxf8 Nxd2 35. Bb5 Nb3 36. Nxh7 Nc5 37. a4 Kb6 38. Nf6 Ka5 39. e4
Ne6 40. Nd5 Nd4 41. Nxc7 Kb6 42. Na8+ Ka7 43. Nc7 Kb6 44. Nd5+ Ka7 45. c7 1-0

[Event "29. Torneo San Viator 2017 - Torneo B"]
[Site "Madrid ESP"]
[Date "2017.10.29"]
[Round "6.39"]
[White "Majer Nunez, Chistian"]
[Black "Medina Lucena, Emilio"]
[Result "0-1"]
[WhiteElo "1166"]
[BlackElo "1321"]
[PlyCount "44"]
[EventDate "2017.09.17"]
[EventType "swiss"]
[EventRounds "9"]
[EventCountry "ESP"]
[SourceTitle "Ajedrez en Madrid"]
[Source "lmi"]
[SourceDate "2017.09.17"]

1. e4 c5 2. d4 d6 3. dxc5 dxc5 4. Qf3 Nc6 5. Bc4 Nf6 6. Nc3 Bg4 7. Qe3 Nd4 8.
Bd3 c4 9. Nge2 Bxe2 10. Nxe2 cxd3 11. Nxd4 dxc2 12. Nxc2 e5 13. Qg5 Qd6 14. Bd2
Nxe4 15. Qe3 Nxd2 16. Rd1 Rd8 17. Ke2 Qa6+ 18. Ke1 Nc4 19. Rxd8+ Kxd8 20. Qd3+
Nd6 21. Nb4 Qxd3 22. Nxd3 f6 0-1

[Event "29. Torneo San Viator 2017 - Torneo B"]
[Site "Madrid ESP"]
[Date "2017.10.29"]
[Round "6.40"]
[White "Caparros Armand, M Isabel"]
[Black "Tudoroiu, Adrian Eugen"]
[Result "1-0"]
[WhiteElo "1293"]
[BlackElo "1101"]
[PlyCount "87"]
[EventDate "2017.09.17"]
[EventType "swiss"]
[EventRounds "9"]
[EventCountry "ESP"]
[SourceTitle "Ajedrez en Madrid"]
[Source "lmi"]
[SourceDate "2017.09.17"]

1. Nf3 Nf6 2. g3 d6 3. Bg2 g6 4. O-O e5 5. d3 Bg7 6. Nbd2 Be6 7. c4 Qc8 8. Ng5
c6 9. Qb3 h6 10. Nxe6 fxe6 11. Bh3 b6 12. a4 d5 13. cxd5 Nxd5 14. e4 Nc7 15.
Nf3 O-O 16. Be3 Rxf3 17. a5 b5 18. Bc5 Qd7 19. Rad1 Nba6 20. Be3 Rf6 21. d4 Qe8
22. dxe5 Rf8 23. Rc1 Bxe5 24. Bxh6 Rf7 25. Qc2 Rh7 26. Qd2 Rd8 27. Qg5 Bxb2 28.
Rxc6 Ba3 29. Bxe6+ Nxe6 30. Rxe6 Qxe6 31. Qxd8+ Kf7 32. Bg5 Be7 33. Bxe7 Qxe7
34. Qd5+ Qe6 35. Qb7+ Qe7 36. Qxa6 Rh5 37. Qc6 Rc5 38. Qa8 Qc7 39. Ra1 b4 40.
a6 b3 41. Kg2 Qb6 42. Qb7+ Qc7 43. Qxb3+ Kg7 44. Qb7 1-0

[Event "29. Torneo San Viator 2017 - Torneo B"]
[Site "Madrid ESP"]
[Date "2017.10.29"]
[Round "6.41"]
[White "Yeghiazaryan Petrosyan, Roberto"]
[Black "Lopez Ochoa, Arsenio"]
[Result "1-0"]
[WhiteElo "1285"]
[BlackElo "1035"]
[PlyCount "65"]
[EventDate "2017.09.17"]
[EventType "swiss"]
[EventRounds "9"]
[EventCountry "ESP"]
[SourceTitle "Ajedrez en Madrid"]
[Source "lmi"]
[SourceDate "2017.09.17"]

1. d4 Nf6 2. Nf3 e6 3. g3 c5 4. c3 Be7 5. Bg2 O-O 6. O-O Nc6 7. Nbd2 d5 8. Re1
Bd6 9. e4 Re8 10. e5 cxd4 11. exd6 dxc3 12. bxc3 Qxd6 13. Nb3 e5 14. Bb2 Bg4
15. Qd2 Rad8 16. h3 Bxf3 17. Bxf3 e4 18. Bg2 b5 19. a3 Re6 20. Rad1 Rde8 21.
Nd4 Nxd4 22. Qxd4 a6 23. Re3 Re5 24. Rde1 Qe6 25. c4 Qc6 26. cxd5 Rxd5 27. Rc3
Re6 28. Rxc6 Rxc6 29. Qe3 Rd3 30. Qf4 Nh5 31. Qb8+ Rc8 32. Qxc8+ Rd8 33. Qxd8#
1-0

[Event "29. Torneo San Viator 2017 - Torneo B"]
[Site "Madrid ESP"]
[Date "2017.10.29"]
[Round "6.42"]
[White "Otero Gumiel, Monica"]
[Black "Mora Gonzalez-Rojas, Francisco"]
[Result "0-1"]
[WhiteElo "1041"]
[BlackElo "1274"]
[PlyCount "52"]
[EventDate "2017.09.17"]
[EventType "swiss"]
[EventRounds "9"]
[EventCountry "ESP"]
[SourceTitle "Ajedrez en Madrid"]
[Source "lmi"]
[SourceDate "2017.09.17"]

1. e4 e5 2. Nf3 d6 3. h3 Nf6 4. Nc3 Be7 5. Bc4 h6 6. d3 O-O 7. O-O Nc6 8. d4
exd4 9. Nxd4 Nxd4 10. Qxd4 c5 11. Qd3 Bd7 12. Qg3 Kh7 13. Qf3 Bc6 14. Bd3 g6
15. Qe3 Ng8 16. Qf4 Bg5 17. Qg3 Bxc1 18. Raxc1 Nf6 19. f4 Re8 20. Rfe1 Qe7 21.
e5 dxe5 22. fxe5 Nd7 23. Qg4 Nxe5 24. Qg3 Qg5 25. Qxg5 hxg5 26. Re3 Nxd3 0-1

[Event "29. Torneo San Viator 2017 - Torneo B"]
[Site "Madrid ESP"]
[Date "2017.10.29"]
[Round "6.44"]
[White "Serrano Ruiz, Miguel"]
[Black "Cuerda Montagud, Tomas"]
[Result "1/2-1/2"]
[WhiteElo "1237"]
[BlackElo "1444"]
[PlyCount "82"]
[EventDate "2017.09.17"]
[EventType "swiss"]
[EventRounds "9"]
[EventCountry "ESP"]
[SourceTitle "Ajedrez en Madrid"]
[Source "lmi"]
[SourceDate "2017.09.17"]

1. e4 e6 2. d4 d5 3. exd5 exd5 4. Bd3 Bd6 5. Nf3 Nf6 6. O-O O-O 7. c3 Bg4 8.
Bg5 c6 9. Nbd2 Nbd7 10. Re1 Qc7 11. Qc2 Rae8 12. b3 Bf4 13. Bxf4 Qxf4 14. g3
Qd6 15. Ng5 g6 16. h3 Be6 17. Ndf3 Nh5 18. Kg2 Ng7 19. Re2 h6 20. Nxe6 Rxe6 21.
Rae1 a6 22. Rxe6 Nxe6 23. Bxg6 Kg7 24. Bf5 Ng5 25. Nxg5 hxg5 26. Bg4 Nf6 27.
Qf5 Kh6 28. Re5 Ne4 29. f3 f6 30. Rxe4 dxe4 31. fxe4 Qe7 32. Kf3 c5 33. h4 cxd4
34. h5 Rg8 35. cxd4 Rg7 36. Ke3 Rg8 37. Kd3 Qg7 38. Kc4 Qc7+ 39. Kb4 Qd6+ 40.
Ka5 Qc7+ 41. Kb4 Qd6+ 1/2-1/2

[Event "29. Torneo San Viator 2017 - Torneo B"]
[Site "Madrid ESP"]
[Date "2017.10.29"]
[Round "6.45"]
[White "Lopez Herrero, Israel"]
[Black "Insua Rodriguez, Antonio"]
[Result "0-1"]
[WhiteElo "1286"]
[BlackElo "1373"]
[PlyCount "94"]
[EventDate "2017.09.17"]
[EventType "swiss"]
[EventRounds "9"]
[EventCountry "ESP"]
[SourceTitle "Ajedrez en Madrid"]
[Source "lmi"]
[SourceDate "2017.09.17"]

1. e4 e6 2. d4 d5 3. exd5 exd5 4. Bd3 Nc6 5. Nf3 Bg4 6. O-O Nxd4 7. Qe1+ Ne6 8.
Ng5 Be7 9. Nxe6 Bxe6 10. b3 Nf6 11. Bb2 h5 12. Nd2 h4 13. h3 Qd7 14. Kh2 O-O-O
15. f4 Bd6 16. Qf2 Kb8 17. a4 Nh5 18. Be5 Rdg8 19. Bxd6 Qxd6 20. Qxh4 g5 21.
Qf2 Nxf4 22. Qg3 Nxd3 23. Qxd6 cxd6 24. cxd3 g4 25. Rf6 gxh3 26. Rxe6 Rxg2+ 27.
Kh1 fxe6 28. Nf3 Rg3 29. Ne1 h2 30. Ng2 Rxd3 31. Nf4 Re3 32. Rb1 d4 33. Ng2 Rc3
34. Nf4 e5 35. Nd5 Rc2 36. Nb4 Re2 37. Nd5 e4 38. Nf4 Rf2 39. Ng6 Rh7 40. Re1
e3 41. Rd1 Rd2 42. Rf1 e2 43. Rf8+ Kc7 44. Kg2 h1=Q+ 45. Kg3 e1=Q+ 46. Kf4 Rf2+
47. Kg4 Qeg1# 0-1